000 00863nam a2200289Ia 4500
003 OSt
005 20220912145017.0
006 a|||||r|||| 00| 0
007 ta
008 220909b |||||||| |||| 00| 0 eng d
020 _a9781593855659 (pbk)
024 _a84435
037 _b1995, 18/08/2009, New India Book Agency
037 _cTextbook
040 _aCSL
_beng
_cCSL
041 _aeng
082 _aH:(9S), P8 TH
100 _aHarvey Francis
245 0 _aPrimer of GIS:fundamental geographic and cartographic concepts
260 _aNew York
_bGuilford Press
_c2008
300 _ax, 310p.
_ccm.
500 _aIndex 301-310p.
650 _a Geographic information system
650 _aGeology
942 _hH:(9S), P8 TH
_cTB
_2CC
999 _c20881
_d20881